000 00509nam a2200169 i 4500
001 58858
003 ES-MaACL
005 20251111063347.0
007 t|
008 031024s1961 sp ||||1| spa d
100 1 _aEchevarría, María Jesús,
_d1932-1963
_946553
245 1 0 _aPoemas de la ciudad /
_cMaría Jesús Echevarría.
260 _aMadrid :
_b[s.n.,
_c1961] (
_fGráf. Danubio)
300 _a24 p., 2 lám. ;
_c29 cm.
852 _aES-MaACL
_j2022-F-13
_bR.48305
999 _c58858
_d58858